Материалы Азгосмузея. Том 1. Вып. 7: Пустыни АССР и их экономическое будущее (Запись № 13560499)

Подробности
000 -МАРКЕР
контрольное поле 00970nam2a2200229 4500
001 - ИДЕНТИФИКАТОР ЗАПИСИ
контрольное поле rc\2636860
005 - ИДЕНТИФИКАТОР ВЕРСИИ
контрольное поле 20260315042312.0
035 ## - ДРУГИЕ СИСТЕМНЫЕ НОМЕРА
Идентификатор записи (NLR Aleph) 006945114
100 ## - ДАННЫЕ ОБЩЕЙ ОБРАБОТКИ
Данные общей обработки 20110601d1928 u y0rusy50 ca
101 0# - ЯЗЫК РЕСУРСА
Язык текста, звукозаписи и т.д. русский
102 ## - СТРАНА ПУБЛИКАЦИИ ИЛИ ПРОИЗВОДСТВА
Страна публикации Российская Федерация
105 ## - ПОЛЕ КОДИРОВАННЫХ ДАННЫХ: ТЕКСТОВЫЕ МАТЕРИАЛЫ, МОНОГРАФИЧЕСКИЕ
Кодированные данные о монографическом текстовом документе y z |||||
200 1# - ЗАГЛАВИЕ И СВЕДЕНИЯ ОБ ОТВЕТСТВЕННОСТИ
Основное заглавие Пустыни АССР и их экономическое будущее
Сведения, относящиеся к заглавию (Альфа)
210 ## - ПУБЛИКАЦИЯ, РАСПРОСТРАНЕНИЕ И ДР.
Дата издания, распространения и т.д. 1928
461 #0 - УРОВЕНЬ НАБОРА
Встроенное поле 001rc\2636855
-- 2001#$aМатериалы Азгосмузея$e[Т. 1]. Вып. 1-$vТом 1. Вып. 7
Системный номер (АБИС) связанной записи 5191050
Автор Азербайджанский государственный музей (Баку)
Место публикации Баку
Дата публикации 1927-1928
Имя издателя, распространителя и т.д. О-во обследования и изучения АССР
Сведения, относящиеся к заглавию [Т. 1]. Вып. 1-
Заглавие Материалы Азгосмузея
Номер тома Том 1. Вып. 7
700 #1 - ИМЯ ЛИЦА - ПЕРВИЧНАЯ ОТВЕТСТВЕННОСТЬ
Начальный элемент ввода Шванн-Гурийский
Часть имени, кроме начального элемента ввода П.В.
801 #0 - ИСТОЧНИК ЗАПИСИ
Страна Российская Федерация
Организация NLR
Правила каталогизации psbo
801 #1 - ИСТОЧНИК ЗАПИСИ
Страна Российская Федерация
Организация ELAR
Источник данных rusmarc
852 ## - МЕСТОНАХОЖДЕНИЕ И ШИФР ХРАНЕНИЯ
Идентификатор организации NLR
Шифр хранения (Call Number) 48/271
942 ## - ДОПОЛНИТЕЛЬНЫЕ ЭЛЕМЕНТЫ ЗАПИСИ (АБИС)
Тип экземпляра АБИС Неопределено
980 ## - КОЛЛЕКЦИЯ
Название коллекции Национальная библиография

Нет доступных экземпляров.